Normal view
MARC view
- AMMARA MUSTAFA
Entry Personal Name
001 - CONTROL NUMBER
- control field: 73189
003 - CONTROL NUMBER IDENTIFIER
- control field: NUST
005 - DATE AND TIME OF LATEST TRANSACTION
- control field: 20210628205000.0
008 - FIXED-LENGTH DATA ELEMENTS
- fixed length control field: 210628|| aca||aabn | a|a d
040 ## - CATALOGING SOURCE
- Original cataloging agency: NUST
- Transcribing agency: NUST
100 ## - HEADING--PERSONAL NAME
- Personal name: AMMARA MUSTAFA
670 ## - SOURCE DATA FOUND
- Source citation: Work cat.: (NUST): AMMARA MUSTAFA, TH-SOF-1781-Investigation of Effect of Multiple Stepping and Curvature on Metallic Tubes for Crashworthiness Parameters and Energy Absorption Applications, 2020
